| 000 | 00676nam a22002057a 4500 | ||
|---|---|---|---|
| 005 | 20210430102607.0 | ||
| 008 | 210430b mx ||||| |||| 00| 0 spa d | ||
| 020 | _a9786079352813 | ||
| 050 | 0 | 4 |
_aK840 _bK45 2019 |
| 100 | 1 |
_aKelsen, Hans, _d1881-1973. |
|
| 245 | 1 | 3 |
_aEl contrato y el tratado _b: analizados desde el punto de vista de la teoría pura del derecho _c/ Hans Kelsen. |
| 250 | _a2a ed. | ||
| 260 |
_aMéxico : _bEdiciones Coyoacán, _c2019. |
||
| 300 |
_a124 p. ; _c21 cm. |
||
| 490 | 0 |
_aDerecho y Sociedad ; _v13. |
|
| 500 | _aIncluye índice. | ||
| 650 | 7 |
_2lemb _aContratos _xDerecho civil |
|
| 650 | 7 |
_2lemb _aTratados _xDerecho civil |
|
| 942 |
_2lcc _cLIB |
||
| 999 |
_c155652 _d155650 |
||